বাঙালির শিক্ষাচিন্তা : (Record no. 2405)

MARC details
000 -LEADER
fixed length control field 01519nam a2200277 a 4500
003 - CONTROL NUMBER IDENTIFIER
control field BD-DhJNU
005 - DATE AND TIME OF LATEST TRANSACTION
control field 20251210062654.0
008 - FIXED-LENGTH DATA ELEMENTS--GENERAL INFORMATION
fixed length control field 251108s2024 bg |||g |||| 000 1|ben|d
020 ## - INTERNATIONAL STANDARD BOOK NUMBER
International Standard Book Number 9789849949510
040 ## - CATALOGING SOURCE
Original cataloging agency BD-DhJNU
Language of cataloging ben
Transcribing agency BD-DhJNU
Modifying agency BD-DhJNU
041 ## - LANGUAGE CODE
Language code of text/sound track or separate title ben
082 ## - DEWEY DECIMAL CLASSIFICATION NUMBER
Classification number 370.95492 BAN
Edition number 23
242 10 - TRANSLATION OF TITLE BY CATALOGING AGENCY
Title A collection of Bengali thoughts :
Remainder of title Education [Volume : 1-10] /
Statement of responsibility, etc. edited by Masuduzzaman & Shoaib Gibran
245 10 - TITLE STATEMENT
Title বাঙালির শিক্ষাচিন্তা :
Remainder of title বাঙালির চিন্তামূলক রচনা সংগ্রহ [১ম -১০ম খণ্ড] /
Statement of responsibility, etc. মাসুদুজ্জামান এবং শোয়াইব জিবরান কর্তৃক সম্পাদিত
246 ## - VARYING FORM OF TITLE
Title proper/short title Bangalir chintamulok rochona shongroho : shikkha
250 ## - EDITION STATEMENT
Edition statement 1st ed.
260 ## - PUBLICATION, DISTRIBUTION, ETC.
Place of publication, distribution, etc. ঢাকা :
Name of publisher, distributor, etc. বিশ্বসাহিত্য কেন্দ্র,
Date of publication, distribution, etc. 2024.
300 ## - PHYSICAL DESCRIPTION
Extent ৩৫১ পৃ. :
Other physical details চিত্র ;
Dimensions ২৩ সেমি.।
504 ## - BIBLIOGRAPHY, ETC. NOTE
Bibliography, etc. note গ্রন্থপঞ্জিগত নির্দেশিকা ও নিঘন্ট অন্তভূক্ত
650 ## - SUBJECT ADDED ENTRY--TOPICAL TERM
Topical term or geographic name entry element বাংলার শিক্ষাচিন্তা
650 ## - SUBJECT ADDED ENTRY--TOPICAL TERM
Topical term or geographic name entry element Educational thought
650 ## - SUBJECT ADDED ENTRY--TOPICAL TERM
Topical term or geographic name entry element শিক্ষাদর্শন
700 a# - ADDED ENTRY--PERSONAL NAME
Personal name মাসুদুজ্জামান
Relator term প্রধান সম্পাদক
700 a# - ADDED ENTRY--PERSONAL NAME
Personal name জিবরান, শোয়াইব
Relator term সম্পাদক
942 ## - ADDED ENTRY ELEMENTS (KOHA)
Koha item type Books
Source of classification or shelving scheme Dewey Decimal Classification
Holdings
Withdrawn status Lost status Source of classification or shelving scheme Damaged status Not for loan Collection Home library Current library Shelving location Date acquired Source of acquisition Total checkouts Full call number Barcode Date last seen Copy number Price effective from Koha item type
    Dewey Decimal Classification     Non-fiction Jagannath University Central Library Jagannath University Central Library General stacks 12/08/2025 Purchased   370.95492 BAN JNUCL36510 12/08/2025 1 12/08/2025 Books
    Dewey Decimal Classification     Non-fiction Jagannath University Central Library Jagannath University Central Library General stacks 12/10/2025 Purchased   370.95492 BAN JNUCL36511 12/10/2025 2 12/10/2025 Books
    Dewey Decimal Classification     Non-fiction Jagannath University Central Library Jagannath University Central Library General stacks 12/10/2025 Purchased   370.95492 BAN JNUCL36512 12/10/2025 3 12/10/2025 Books
    Dewey Decimal Classification     Non-fiction Jagannath University Central Library Jagannath University Central Library General stacks 12/10/2025 Purchased   370.95492 BAN JNUCL36513 12/10/2025 4 12/10/2025 Books
    Dewey Decimal Classification     Non-fiction Jagannath University Central Library Jagannath University Central Library General stacks 12/10/2025 Purchased   370.95492 BAN JNUCL36514 12/10/2025 5 12/10/2025 Books
    Dewey Decimal Classification     Non-fiction Jagannath University Central Library Jagannath University Central Library General stacks 12/10/2025 Purchased   370.95492 BAN JNUCL36515 12/10/2025 6 12/10/2025 Books
    Dewey Decimal Classification     Non-fiction Jagannath University Central Library Jagannath University Central Library General stacks 12/10/2025 Purchased   370.95492 BAN JNUCL36516 12/10/2025 7 12/10/2025 Books
    Dewey Decimal Classification     Non-fiction Jagannath University Central Library Jagannath University Central Library General stacks 12/10/2025 Purchased   370.95492 BAN JNUCL36517 12/10/2025 8 12/10/2025 Books
    Dewey Decimal Classification     Non-fiction Jagannath University Central Library Jagannath University Central Library General stacks 12/10/2025 Purchased   370.95492 BAN JNUCL36518 12/10/2025 9 12/10/2025 Books
    Dewey Decimal Classification     Non-fiction Jagannath University Central Library Jagannath University Central Library General stacks 12/10/2025 Purchased   370.95492 BAN JNUCL36519 12/10/2025 10 12/10/2025 Books